American history volume I : pre-colonial through reconstruction

Bibliographic Details
Other Authors: Maddox, Robert James
Format: Book
Published: Connecticut : The Dushkin Publishing Group , 1993
Edition:12th edition
Series:Annual edition
Subjects:

MARC

LEADER 00000cam a2200000 7i4500
001 0000001838
002 000001996
005 20000330.0
020 |a 1561341878 
090 0 0 |a 973.05   |b AME 
245 0 0 |a American history volume I :   |b pre-colonial through reconstruction   |c edited by Robert James Maddox 
250 |a 12th edition 
260 |a Connecticut :   |b The Dushkin Publishing Group ,   |c 1993 
300 |a 240p ;   |c 28 cm. 
490 0 |a Annual edition 
651 0 |a United States   |x Civilization   |x Periodicals 
651 0 |a United States   |x Historiography   |x Periodicals 
651 0 |a United States   |x History   |x Periodicals 
700 1 |a Maddox, Robert James 
999 |a 033733   |b BUKU   |c PINJAMAN   |e PERPUSTAKAAN KOMUNITI PETALING JAYA